000 00365nam a22001577a 4500
020 _a978-81-8204-072-4
082 _a641.2
_bYAD
100 _aYADAV,MANOJ KUMAR
245 _aTEXT BOOK OF FOOD & BEVERAGE SERVICE
250 _a1ST
260 _aDELHI
_bAMAN
_c2013
300 _a818
650 _aFOOD & BEVERAGE
653 _aFOOD, BEVERAGE
942 _2ddc
_cBK
_06
999 _c8059
_d8059